000 00332 a2200157 4500
001 60140
020 _a8576750317
040 _cAnchieta - Pituba
100 _aDevalpo, Alain
240 1 0 _aA pesca milagrosa
_lpor
245 1 0 _aA pesca milagrosa
300 _a83
362 0 _a2006
650 4 _aLiteratura juvenil
942 _cBK
999 _c60140
_d60140